Globálne hodnotové reťazce potravinárskej výroby v regiónoch SR diplomová práca

Uložené v:
Podrobná bibliografia
Hlavný autor: Čech, Ivan
Korporativný autor: Národohospodárska fakulta EU. Katedra verejnej správy a regionálneho rozvoja
Ďalší autori: Pástor, Rudolf
Médium: Kniha
Jazyk:Slovak
Vydavateľské údaje: Bratislava 2018
Tagy: Pridať tag
Žiadne tagy, Buďte prvý, kto otaguje tento záznam!

MARC

LEADER 00000nbm a2200000 4500
001 0244423
005 20181114081847.2
041 0 |a slo 
044 |a SK 
245 1 0 |a Globálne hodnotové reťazce potravinárskej výroby v regiónoch SR  |b diplomová práca  |c Ivan Čech ; školiteľ: Rudolf Pástor 
264 1 |a Bratislava  |c 2018 
300 |a 74 s. 
100 1 |a Čech, Ivan 
700 1 |a Pástor, Rudolf 
710 2 |a Národohospodárska fakulta EU. Katedra verejnej správy a regionálneho rozvoja